000 00255nam a2200097Ia 4500
001 695408
005 20250826161952.0
008 250824s9999 xx 000 0 und d
245 0 _aKUMARBAZ (ANTİK YENİ)
_cDOSTOYEVSKİ
260 _bANTİK DÜNYA KLASİKLERİ
999 _c695408
_d695408